Statistics for Akon's Full Name

Click here to take the quiz!

General Stats

  • This quiz has been taken 4 times
  • The average score is 7 of 13

Answer Stats

Name% Correct
Akon
100%
Aliane
50%
Badara
50%
Bongo
50%
Damala
50%
Lu
50%
Lu
50%
Lu
50%
Puru
50%
Thaim
50%
Time
50%
Bouga
25%
Nacka
25%

Score Distribution

Percentile by Number Answered

Percent of People with Each Score

Your Score History

You have not taken this quiz